Online
Catalog

Adán : (Record no. 44988)

MARC details
000 -CABECERA
campo de control de longitud fija 00904nam a2200229 a 4500
001 - NÚMERO DE CONTROL
campo de control 000045499
005 - FECHA Y HORA DE LA ÚLTIMA TRANSACCIÓN
campo de control 20240226140810.0
008 - DATOS DE LONGITUD FIJA--INFORMACIÓN GENERAL
campo de control de longitud fija 150410s2003 dr 000 0 spa d
020 ## - NÚMERO INTERNACIONAL ESTÁNDAR DEL LIBRO
ISBN cancelado o inválido 084200091X
040 ## - FUENTE DE LA CATALOGACIÓN
Centro catalogador/agencia de origen DO-SdBNP
Lengua de catalogación spa
Centro/agencia transcriptor BNPHU
082 ## - NÚMERO DE LA CLASIFICACIÓN DECIMAL DEWEY
Número de clasificación xxxx
Número de documento/Ítem xxxx
100 1# - ENTRADA PRINCIPAL--NOMBRE DE PERSONA
Nombre de persona Mañón Rossi, Wilfredo
9 (RLIN) 37599
245 10 - MENCIÓN DE TÍTULO
Título Adán :
Resto del título el primer naturista /
Mención de responsabilidad, etc. Wilfredo Mañón Rossi ; prólogo José R. Dunker.
246 10 - FORMA VARIANTE DE TÍTULO
Título propio/Titulo breve Adán, el primer naturista :
Resto del título la excelencia de la medicina natural con lo mejor de la medicina convencional.
250 ## - MENCIÓN DE EDICIÓN
Mención de edición 3ra ed. revisada
260 ## - PUBLICACIÓN, DISTRIBUCIÓN, ETC.
Lugar de publicación, distribución, etc. Santo Domingo :
Nombre del editor, distribuidor, etc. UNEV,
Fecha de publicación, distribución, etc. 2003.
300 ## - DESCRIPCIÓN FÍSICA
Extensión 255 P. ;
Dimensiones 21 cm.
500 ## - NOTA GENERAL
Nota general Incluye datos biográficos del autor en la solapa de la contracubierta
504 ## - NOTA DE BIBLIOGRAFÍA, ETC.
Nota de bibliografía, etc. Bibliografía : p. 251-254
700 1# - PUNTO DE ACCESO ADICIONAL--NOMBRE DE PERSONA
Nombre de persona Dunker L., José,
Fechas asociadas al nombre 1943-
Término indicativo de función/relación pról.
9 (RLIN) 1027
710 22 - PUNTO DE ACCESO ADICIONAL--NOMBRE DE ENTIDAD CORPORATIVA
Nombre de entidad corporativa o nombre de jurisdicción como elemento de entrada Universidad Nacional Evangélica (UNEV), República Dominicana
9 (RLIN) 73552
Holdings
Estado de retiro Estado de pérdida No para préstamo Código de colección Localización permanente Ubicación/localización actual Ubicación en estantería Fecha de adquisición Número de inventario Total de préstamos Signatura topográfica completa Código de barras Fecha visto por última vez Precio válido a partir de Tipo de ítem Koha
    Excluido de préstamo Patrimonio Dominicano Patrimonio Dominicano Patrimonio Dominicano En catalogación 10.04.2015 LF1   xxxx xxxx 45499-10 25.06.2020 25.06.2020 Libro y Folleto Colección Patrimonio Dominicano

Powered by Koha